00822nam a22002177a 450000500170000001000150001702000280003202000240006003500130008403700130009708200140011010000220012424501120014626000460025827000660030430000240037050000510039494200170044599900170046295201250047920170712113420.0 aENG-112395 a9780198099154c1195.00  a198099150c1195.00  aEN-95927 bDBAD/PUB a954.13304 aSengupta, Jayanta aAt the margins : bby Jayanta Sengupta cdiscourses of development, democracy, and regionalism in orissa /  aNew Delhi bOxford University Pressc2015 aYMCA Library Building, 1 Jai Singh Road, bNew Delhi e110001 axiv,441p.c23cm(Hb) aIncludes bibliographical references and index  2ddccENmSEN c92282d92282 001040708NFICaCJbCJd2015-03-17eDBAD/PUBg1195.00l0o954.13304 SENpEN-95927r2015-03-17 00:00:00t1v1195.00yEN